| 000 | 00951nam a22002057a 4500 | ||
|---|---|---|---|
| 999 |
_c19424 _d19424 |
||
| 003 | AR-CdUCM | ||
| 008 | 190517b ||||| |||| 00| 0 spa d | ||
| 040 |
_aMUNICIPALIDAD PROVINCIAL DEL CUSCO _cBIBLIOTECA MUNICIPAL DEL CUSCO |
||
| 082 |
_a918.56 / _bA68 |
||
| 100 |
_aArévalo Merejildo, James _938680 |
||
| 245 |
_aCusco forever : _bThe most important sites around Cusco city, ancient wisdom of the Inkas = Eternamente Cusco : $blos centros históricos más importantes alrededor de la ciudad del Cusco, sabiduría Inka / |
||
| 260 |
_aCusco : _bMallku, _c2007. |
||
| 300 |
_a100 paginas ; _bFotografías,mapas planos, _c29 cm. |
||
| 650 |
_aMonumentos históricos _96891 |
||
| 650 |
_aCosmología indígena _910835 |
||
| 650 |
_aÉpoca Prehispánica _92714 |
||
| 710 |
_aEternamente Cusco : los centros históricos más importantes alrededor de la ciudad del Cusco, sabiduría Inka. _940752 |
||
| 942 |
_2ddc _cLIBROS |
||
| 945 |
_arjall _d2019-05-17 |
||